[Event "Panevezys op-A"]
[Site "Panevezys"]
[Date "2010.08.22"]
[Round "6"]
[White "Vaitonis, Vytautas"]
[Black "Ungurs, Kazimirs"]
[Result "1/2-1/2"]
[WhiteElo "2003"]
[BlackElo "2145"]
[PlyCount "63"]
[EventDate "2010.08.18"]
[EventType "swiss"]
[EventRounds "9"]
[EventCountry "LTU"]
[SourceTitle "CBM 138 Extra"]
[Source "ChessBase"]
[SourceDate "2010.10.29"]
[SourceVersion "1"]
[SourceVersionDate "2010.10.29"]
[SourceQuality "1"]

1. d4 Nf6 2. Nf3 g6 3. c4 Bg7 4. g3 0-0 5. Bg2 d6 6. 0-0 Nc6 7. Nc3 e5 8. d5 Na5 9. Nd2 c5 10. h3 a6 11. Qc2 Rb8 12. a4 Nh5 13. e4 f5 14. Ne2 Bd7 15. Qc3 b6 16. Kh2 Nf6 17. f3 Rf7 18. Qd3 b5 19. axb5 axb5 20. Nc3 bxc4 21. Nxc4 Nxc4 22. Qxc4 Qc7 23. Ra3 Rff8 24. Qa2 Rb7 25. b3 Rfb8 26. Re1 h6 27. Bf1 Kh7 28. Bd3 Kg8 29. Bd2 Qc8 30. Ba6 Qc7 31. Bxb7 Rxb7 32. Ra1 1/2-1/2

[Event "Panevezys op 20th"]
[Site "Panevezys"]
[Date "2007.08.23"]
[Round "8"]
[White "Traczewski, Wojciech"]
[Black "Ungurs, Kazimirs"]
[Result "0-1"]
[WhiteElo "1961"]
[BlackElo "2169"]
[PlyCount "92"]
[EventDate "2007.08.18"]
[EventType "swiss"]
[EventRounds "9"]
[EventCountry "LTU"]
[SourceTitle "CBM 119 Extra"]
[Source "ChessBase"]
[SourceDate "2007.09.04"]
[SourceVersion "1"]
[SourceVersionDate "2007.09.04"]
[SourceQuality "1"]

1. Nf3 d6 2. d4 Nf6 3. Nc3 g6 4. e4 Bg7 5. Be2 0-0 6. 0-0 c6 7. h3 b5 8. a3 a6 9. Be3 Qc7 10. Qd2 Nbd7 11. Bh6 e5 12. Bxg7 Kxg7 13. Rad1 Re8 14. Nh4 Qb6 15. d5 cxd5 16. Nxd5 Nxd5 17. Qxd5 Nf6 18. Qxa8 Be6 19. Qxe8 Nxe8 20. Kh2 Kf8 21. Nf3 h6 22. Nd2 Qc5 23. c4 bxc4 24. Bxc4 Bxc4 25. Rc1 Qd4 26. Nxc4 Qxe4 27. Ne3 d5 28. Rc8 d4 29. Nc4 Qd5 30. Re1 e4 31. Kg1 f5 32. f3 Kf7 33. fxe4 fxe4 34. Rc1 d3 35. Rf1+ Ke7 36. Re1 Nf6 37. Nd2 Qd4+ 38. Kh1 Qf2 39. Rd1 e3 40. Nf3 d2 41. Rc7+ Kd6 42. Rc2 Ne4 43. Rc4 Ng3+ 44. Kh2 Nf1+ 45. Rxf1 Qxf1 46. Nxd2 exd2 0-1

[Event "Panevezys op 20th"]
[Site "Panevezys"]
[Date "2007.08.22"]
[Round "7"]
[White "Ungurs, Kazimirs"]
[Black "Aleksandravicius, Darius"]
[Result "1-0"]
[WhiteElo "2169"]
[BlackElo "1790"]
[PlyCount "79"]
[EventDate "2007.08.18"]
[EventType "swiss"]
[EventRounds "9"]
[EventCountry "LTU"]
[SourceTitle "CBM 119 Extra"]
[Source "ChessBase"]
[SourceDate "2007.09.04"]
[SourceVersion "1"]
[SourceVersionDate "2007.09.04"]
[SourceQuality "1"]

1. e4 c5 2. Nc3 Nc6 3. g3 g6 4. Bg2 Bg7 5. d3 d6 6. Nge2 Nf6 7. 0-0 0-0 8. f4 Bg4 9. h3 Bxe2 10. Nxe2 e6 11. g4 Qc7 12. c3 Rac8 13. Be3 b5 14. Qd2 a5 15. d4 cxd4 16. Nxd4 Nxd4 17. Bxd4 e5 18. Be3 Rfd8 19. f5 Qc4 20. Bg5 Nxe4 21. Bxe4 Qxe4 22. Bxd8 Rxd8 23. Rae1 Qb7 24. f6 Bf8 25. Qg2 Qb6+ 26. Kh1 Re8 27. Qd5 Rc8 28. Rd1 Rc4 29. Rd3 g5 30. b3 Rf4 31. Rxf4 gxf4 32. Kg2 h6 33. Qe4 b4 34. Qd5 bxc3 35. Rxc3 Qb4 36. Rc8 f3+ 37. Kf2 Qb6+ 38. Kxf3 e4+ 39. Qxe4 d5 40. Qe7 1-0

[Event "Riga op"]
[Site "Riga"]
[Date "2004.08.15"]
[Round "1"]
[White "Sveshnikov, Evgeny"]
[Black "Ungurs, Kazimirs"]
[Result "1-0"]
[WhiteElo "2508"]
[BlackElo "2145"]
[PlyCount "81"]
[EventDate "2004.08.15"]
[EventType "swiss"]
[EventRounds "9"]
[EventCountry "LAT"]
[SourceTitle "CBM 101 Extra"]
[Source "ChessBase"]
[SourceDate "2004.09.01"]
[SourceVersion "2"]
[SourceVersionDate "2004.09.01"]
[SourceQuality "1"]

1. e4 c5 2. f4 Nc6 3. Nf3 d6 4. Bb5 Bd7 5. d3 g6 6. 0-0 Bg7 7. c3 Nf6 8. Na3 0-0 9. Qe1 a6 10. Bxc6 Bxc6 11. f5 b5 12. Qh4 Qd7 13. Bh6 c4 14. Ng5 Nh5 15. Bxg7 Kxg7 16. d4 h6 17. Nh3 Nf6 18. e5 Ng8 19. f6+ exf6 20. exf6+ Kh8 21. Rad1 Rae8 22. d5 Bb7 23. Nc2 Re5 24. Nb4 Rfe8 25. Qd4 a5 26. Nc6 Bxc6 27. dxc6 Qxc6 28. Qxd6 Qxd6 29. Rxd6 R5e6 30. Rd7 Rxf6 31. Rxf7 Rxf7 32. Rxf7 Re7 33. Rxe7 Nxe7 34. Kf2 Nd5 35. a3 Kg7 36. Kf3 b4 37. cxb4 axb4 38. axb4 Nxb4 39. Nf2 Nd5 40. Nd1 Kf6 41. Ke4 1-0

[Event "Sea festival"]
[Site "Lithuania"]
[Date "2003.??.??"]
[Round "7"]
[White "Ungurs, Kazimirs"]
[Black "Sakalauskas, Vaidas"]
[Result "0-1"]
[WhiteElo "2163"]
[BlackElo "2465"]
[PlyCount "20"]
[EventDate "2003.??.??"]
[EventType "team"]
[EventRounds "7"]
[EventCountry "LTU"]
[SourceTitle "EXT 2005"]
[Source "ChessBase"]
[SourceDate "2004.11.15"]
[SourceVersion "1"]
[SourceVersionDate "2004.11.15"]
[SourceQuality "1"]

1. e4 d6 2. d4 Nf6 3. Nc3 c6 4. f4 Qa5 5. Bd2 e5 6. dxe5 dxe5 7. f5 Qc7 8. Nf3 b5 9. a3 Bc5 10. Bd3 Nbd7 0-1

[Event "Litomysl op"]
[Site "Litomysl"]
[Date "1995.??.??"]
[Round "2"]
[White "Krivoshey, Sergei"]
[Black "Ungurs, Kazimirs"]
[Result "1-0"]
[WhiteElo "2420"]
[BlackElo "2230"]
[PlyCount "55"]
[EventDate "1995.??.??"]
[EventType "swiss"]
[EventRounds "7"]
[EventCountry "CZE"]
[SourceTitle "EXT 1998"]
[Source "ChessBase"]
[SourceDate "1997.11.17"]
[SourceVersion "1"]
[SourceVersionDate "1997.11.17"]
[SourceQuality "1"]

1. Nf3 c5 2. c4 Nf6 3. Nc3 d5 4. cxd5 Nxd5 5. d4 Nxc3 6. bxc3 g6 7. Bg5 Bg7 8. e3 0-0 9. Be2 Nc6 10. 0-0 f6 11. Bh4 Kh8 12. Qa4 cxd4 13. cxd4 Bd7 14. Rac1 Na5 15. Qa3 b6 16. Bg3 Bc6 17. Rfd1 e6 18. d5 exd5 19. Nd4 Bd7 20. Bf3 Re8 21. Bxd5 Bf8 22. Qb2 Bg4 23. Nf3 Bg7 24. h3 Bxf3 25. Bxf3 f5 26. Rxd8 Bxb2 27. Rxa8 Rxa8 28. Rc2 1-0

[Event "Litomysl op"]
[Site "Litomysl"]
[Date "1995.??.??"]
[Round "4"]
[White "Michenka, Jozef"]
[Black "Ungurs, Kazimirs"]
[Result "1/2-1/2"]
[WhiteElo "2375"]
[BlackElo "2230"]
[PlyCount "136"]
[EventDate "1995.??.??"]
[EventType "swiss"]
[EventRounds "7"]
[EventCountry "CZE"]
[SourceTitle "EXT 1998"]
[Source "ChessBase"]
[SourceDate "1997.11.17"]
[SourceVersion "1"]
[SourceVersionDate "1997.11.17"]
[SourceQuality "1"]

1. d4 Nf6 2. c4 e6 3. Nc3 Bb4 4. e3 c5 5. Bd3 d5 6. Nf3 Nc6 7. 0-0 0-0 8. a3 Bxc3 9. bxc3 Re8 10. Rb1 Qc7 11. h3 b6 12. cxd5 exd5 13. dxc5 bxc5 14. c4 dxc4 15. Bxc4 Bf5 16. Rb5 Na5 17. Bxf7+ Kxf7 18. Bd2 Nc6 19. Rxc5 Qd7 20. Qa4 Nd8 21. Qc4+ Kf8 22. Rc7 Qd5 23. Qb4+ Kg8 24. Rc5 Qe4 25. Nd4 Bd7 26. f3 Qd3 27. Rb1 a5 28. Qc4+ Qxc4 29. Rxc4 a4 30. e4 Rc8 31. Rxc8 Bxc8 32. Rb8 Bd7 33. e5 Ne6 34. Rb6 Nd5 35. Rd6 Nxd4 36. Rxd5 Nxf3+ 37. gxf3 Bxh3 38. f4 Bf5 39. Bb4 Kf7 40. Ra5 Bc2 41. Rc5 Bf5 42. Kf2 h6 43. Ra5 Bc2 44. Ra6 Re6 45. Ra7+ Kg8 46. Bd6 g5 47. Rc7 Bf5 48. Rc4 Re8 49. Rxa4 Kf7 50. Ra7+ Ke6 51. a4 Rc8 52. Bc7 Be4 53. fxg5 hxg5 54. Ra6+ Kd5 55. Ra5+ Ke6 56. Ra6+ Kf5 57. Ra7 Ke6 58. Ke3 Ra8 59. Rxa8 Bxa8 60. Kd4 g4 61. Bd8 g3 62. Bh4 g2 63. Bf2 Bf3 64. a5 Bb7 65. Bg1 Bf3 66. Bh2 Bb7 67. Kc5 g1Q+ 68. Bxg1 Kxe5 1/2-1/2